| 000 | 00790nam a2200229 a 4500 | ||
|---|---|---|---|
| 001 | 000124119 | ||
| 003 | AM-YEHGA | ||
| 005 | 20250617122616.0 | ||
| 008 | 990124s1935 ru ||||gr|||||||||0|rus|d | ||
| 040 | _aAM-YeHGA | ||
| 041 | 1 |
_arus _heng |
|
| 100 | 1 | _aКарпентер, Г.Д.Х. | |
| 245 | 1 | 0 |
_aМимикрия : _bПер. с англ. / _cГ.Д.Х. Карпентер, Э.Б. Форд ; Пер. Н.А. Бобринского. |
| 246 | 1 | 5 | _aMimicry |
| 260 |
_aЛ., _aМосква : _bБиомедгиз, _c1935. |
||
| 300 | _a111 с. | ||
| 650 | 1 | 4 | _aГенетика. Наследственность и изменчивость организмов |
| 700 | 1 | _aФорд, Э.Б. | |
| 700 | 1 |
_aБобринский, Н.А. _eпер. _4trl |
|
| 942 |
_2udc _cBK |
||
| 090 | _c41630 | ||
| 999 |
_c40964 _d40964 |
||